| 000 | 01007nam a22003257a 4500 | ||
|---|---|---|---|
| 003 | CHAP | ||
| 005 | 20220329134227.0 | ||
| 008 | 971013s1976 r 00010 d | ||
| 010 | _a17262 | ||
| 011 | _a18234 | ||
| 035 | _a22319 | ||
| 040 | _cCHAP | ||
| 090 | _aFolleto 6785 | ||
| 100 | 0 | 0 |
_aJohn, Bernard. _961772 |
| 245 | _aPopulation cytogenetics | ||
| 260 |
_aLondon : _bArnold, _c1976 |
||
| 300 |
_a76 p. _b: ilus. ; gráfs |
||
| 490 |
_aStudies in biology _v; 70 |
||
| 590 |
_aBATCH-UPD _b10 _c20130109 _lUCH01 _h2355 |
||
| 590 |
_aBATCH-UPD _b10 _c20130110 _lUCH01 _h2144 |
||
| 590 |
_aBATCH-UPD _b10 _c20130409 _lUCH01 _h1928 |
||
| 590 |
_aBATCH-UPD _b10 _c20130914 _lUCH01 _h0942 |
||
| 590 |
_aCONVERSION _b10 _c20130109 _lUCH01 _h1311 |
||
| 650 | 1 | 4 |
_aCitogenética. _923485 |
| 830 | 0 |
_aStudies in biology _v; 70 _9110061 |
|
| 901 | _aBK | ||
| 942 | _cFOLL | ||
| 949 |
_aFolleto 6785 _bBC _cFOLL _d-52236 _eTS1 _i22319 _si _t169.00 |
||
| 949 |
_aFolleto 6785 _bBC _cFOLL _d-52237 _eTS2 _fc.2 _i22319 _si _t169.00 |
||
| 999 |
_c17262 _d17262 |
||